[Event "Ct. Catalunya eq DH"]
[Site "?"]
[Date "2013.03.16"]
[Round "9.9"]
[White "Gardela Batlle, J."]
[Black "Tallo Dominguez, I."]
[Result "1-0"]
[WhiteElo "2277"]
[BlackElo "2329"]
[PlyCount "83"]
[EventDate "2013.??.??"]
[EventType "tourn"]
[EventRounds "11"]

1. Nf3 d5 2. d4 Nf6 3. c4 c6 4. cxd5 cxd5 5. Nc3 Nc6 6. Bf4 a6 7. e3 Bf5 8. Ne5
Qb6 9. Bd3 Bxd3 10. Qxd3 e6 11. Nxc6 Qxc6 12. O-O Nh5 13. Bg5 h6 14. Bh4 Bd6
15. Rac1 Qd7 16. Qd1 Nf6 17. Na4 Qb5 18. Bg3 Bxg3 19. hxg3 b6 20. Qc2 O-O 21.
b3 Rae8 22. Qc7 Qe2 23. Nxb6 Qxa2 24. Qc3 Qe2 25. Rc2 Qh5 26. f3 Qg5 27. Kf2 e5
28. Ra2 Re6 29. dxe5 Nh5 30. Nxd5 Qxg3+ 31. Kg1 Rxe5 32. e4 Re6 33. Qc7 Qg5 34.
Qc1 Qh4 35. Qc7 Ng3 36. Rfa1 f5 37. Qf4 Qh1+ 38. Kf2 Nxe4+ 39. fxe4 Qh5 40. e5
g5 41. Qc4 Kg7 42. Nf6 1-0

[Event "Ct. Catalunya eq DH"]
[Site "?"]
[Date "2013.03.16"]
[Round "9.9"]
[White "Lillo Ferrer, JM."]
[Black "Lopez Agustench, E."]
[Result "1/2-1/2"]
[WhiteElo "2200"]
[BlackElo "2343"]
[PlyCount "100"]
[EventDate "2013.??.??"]
[EventType "tourn"]
[EventRounds "11"]

1. e4 d5 2. exd5 Nf6 3. d4 Nxd5 4. Nf3 g6 5. c4 Nb6 6. Nc3 Bg7 7. h3 O-O 8. Be3
c6 9. Be2 Be6 10. b3 c5 11. Rc1 cxd4 12. Nxd4 Bd7 13. c5 Nc8 14. O-O a6 15. Qd2
Nc6 16. Rfd1 Nxd4 17. Bxd4 Bc6 18. Qe3 Qc7 19. Bxg7 Kxg7 20. b4 e6 21. Ne4 Bxe4
22. Qxe4 Ne7 23. Bf3 Nc6 24. Rd6 Rfe8 25. Qf4 Rac8 26. Rcd1 Re7 27. Bxc6 bxc6
28. a3 a5 29. Qd4+ e5 30. Qh4 axb4 31. Qf6+ Kg8 32. axb4 e4 33. R1d4 Ra8 34. g3
e3 35. fxe3 Rxe3 36. Kf2 Re7 37. Rd3 Rae8 38. h4 Re6 39. Rxe6 fxe6 40. Kg2 Qf7
41. Qxf7+ Kxf7 42. Kf3 h5 43. Ke4 Kf6 44. Rf3+ Ke7 45. Ra3 Kf6 46. Ra6 Rc8 47.
Rb6 Rc7 48. Rb8 Ra7 49. Rb6 Rc7 50. Kf4 Rc8 1/2-1/2

[Event "Ct. Catalunya eq DH"]
[Site "?"]
[Date "2013.03.16"]
[Round "9.10"]
[White "Bravo Barranco, N."]
[Black "Ballester Benito, R."]
[Result "1-0"]
[WhiteElo "2246"]
[BlackElo "1792"]
[PlyCount "65"]
[EventDate "2013.??.??"]
[EventType "tourn"]
[EventRounds "11"]

1. e4 c5 2. Nf3 a6 3. c4 e6 4. Nc3 Nc6 5. Be2 Nd4 6. O-O Ne7 7. Re1 Nec6 8. Bf1
d6 9. Nxd4 Nxd4 10. Ne2 Qf6 11. Nxd4 cxd4 12. d3 Be7 13. f4 O-O 14. g3 Bd7 15.
Bg2 Bc6 16. b4 e5 17. Rf1 Qe6 18. a4 Rfc8 19. a5 Bd8 20. Qh5 Qe8 21. Bh3 Bd7
22. Ra2 Bxh3 23. Qxh3 b5 24. axb6 Bxb6 25. fxe5 dxe5 26. Bd2 Qc6 27. Qf5 f6 28.
Rfa1 Bd8 29. b5 axb5 30. Rxa8 Rxa8 31. Rxa8 Qxa8 32. Qe6+ Kf8 33. Bb4+ 1-0

[Event "Ct. Catalunya eq DH"]
[Site "?"]
[Date "2013.03.16"]
[Round "9.10"]
[White "Diaz Camallonga, C."]
[Black "Triquell Sanchez, M."]
[Result "1-0"]
[WhiteElo "2286"]
[BlackElo "2105"]
[PlyCount "57"]
[EventDate "2013.??.??"]
[EventType "tourn"]
[EventRounds "11"]
[WhiteClock "0:01:04"]
[BlackClock "0:00:18"]

1. e4 d5 2. exd5 Nf6 3. d4 Bg4 4. Nf3 Qxd5 5. Be2 Nc6 6. O-O e6 7. Be3 Be7 8.
Nbd2 O-O 9. h3 Bh5 10. c4 Qd8 11. Nb3 a5 12. Ne5 Bxe2 13. Qxe2 a4 14. Nxc6 bxc6
15. Nd2 Qb8 16. Nf3 Nd7 17. Rab1 Qb7 18. Rfd1 Qa6 19. Qc2 Nf6 20. Ne5 Rfd8 21.
Qe2 Nd7 22. Nf3 Nf6 23. Bf4 Bd6 24. Bg5 Be7 25. Ne5 Nd5 26. Qf3 Rf8 27. cxd5
Bxg5 28. Qg4 Bf6 29. Nd7 1-0

[Event "Ct. Catalunya eq DH"]
[Site "?"]
[Date "2013.03.16"]
[Round "9.10"]
[White "Gomez Benitez, D."]
[Black "Mestre Bellido, H."]
[Result "0-1"]
[WhiteElo "2163"]
[BlackElo "2357"]
[PlyCount "68"]
[EventDate "2013.??.??"]
[EventType "tourn"]
[EventRounds "11"]

1. e4 e5 2. Nf3 d6 3. d4 Nd7 4. Bc4 c6 5. dxe5 dxe5 6. Bxf7+ Kxf7 7. Nxe5+ Ke7
8. Bg5+ Ngf6 9. Nc4 h6 10. Bf4 Nb6 11. Nd6 Ke6 12. e5 Bxd6 13. exd6 Kf7 14. O-O
Bf5 15. c4 Nxc4 16. Qb3 b5 17. Nd2 Be6 18. Nf3 Re8 19. Nd4 Bd5 20. Qc2 Re4 21.
Be3 Qxd6 22. Nf5 Qd7 23. Ng3 Re6 24. Rad1 Rae8 25. Bc1 Nd6 26. b3 Kg8 27. Bb2
Qf7 28. h3 Nh5 29. Nxh5 Qxh5 30. Qc3 Rg6 31. g4 Rxg4+ 32. Kh2 Rg2+ 33. Kh1 Rg3+
34. Rxd5 Qxh3# 0-1

[Event "Ct. Catalunya eq DH"]
[Site "?"]
[Date "2013.03.16"]
[Round "9.10"]
[White "Moreno Garcia, EP."]
[Black "Pinsach Gelabert, A."]
[Result "0-1"]
[WhiteElo "2074"]
[BlackElo "2178"]
[PlyCount "78"]
[EventDate "2013.??.??"]
[EventType "tourn"]
[EventRounds "11"]

1. e4 e5 2. Nf3 Nc6 3. Bb5 a6 4. Ba4 Nf6 5. d3 b5 6. Bb3 Bb7 7. O-O Be7 8. Nbd2
O-O 9. Re1 d6 10. c3 Na5 11. Bc2 c5 12. Nf1 Nc6 13. Ng3 g6 14. Bh6 Re8 15. h3
Bf8 16. Qd2 Bxh6 17. Qxh6 Qe7 18. Ng5 Nd8 19. Bb3 Ne6 20. Re3 Nxg5 21. Qxg5 Nd5
22. Qxe7 Nxe7 23. Rae1 Kg7 24. Ne2 d5 25. exd5 Nxd5 26. Bxd5 Bxd5 27. Nf4 Bxa2
28. Rxe5 Rxe5 29. Rxe5 Rc8 30. Kf1 Kf6 31. Re3 a5 32. Ke2 a4 33. Kd2 Bb3 34.
Ne2 b4 35. Nc1 Bd5 36. c4 Bxg2 37. Kc2 Bc6 38. Kb1 Re8 39. Rg3 Re1 0-1

[Event "Ct. Catalunya eq DH"]
[Site "?"]
[Date "2013.03.16"]
[Round "9.10"]
[White "Vives Jaume, O."]
[Black "Empez Garcia, M."]
[Result "1-0"]
[WhiteElo "2226"]
[BlackElo "1793"]
[PlyCount "57"]
[EventDate "2013.??.??"]
[EventType "tourn"]
[EventRounds "11"]

1. d4 c5 2. d5 g6 3. e4 a6 4. a4 d6 5. Be2 Bg7 6. Nf3 Nf6 7. Nc3 O-O 8. O-O
Nbd7 9. h3 Rb8 10. Re1 Ne8 11. Bf4 Nc7 12. a5 Ne8 13. Bd3 b5 14. axb6 Nxb6 15.
Qe2 c4 16. Bxc4 Nxc4 17. Qxc4 Rxb2 18. Na4 Rb5 19. Rab1 Bd7 20. Nd4 Rxb1 21.
Rxb1 Nc7 22. Nc6 Bxc6 23. dxc6 e5 24. Be3 d5 25. exd5 Qxd5 26. Qxd5 Nxd5 27.
Rb7 Rc8 28. c7 f5 29. Rb8 1-0

[Event "Ct. Catalunya eq DH"]
[Site "?"]
[Date "2013.04.06"]
[Round "10.1"]
[White "Alonso Rosell, A."]
[Black "Jerez Perez, A."]
[Result "1-0"]
[WhiteElo "2576"]
[BlackElo "2480"]
[PlyCount "87"]
[EventDate "2013.??.??"]
[EventType "tourn"]
[EventRounds "11"]

1. Nf3 Nf6 2. c4 g6 3. Nc3 d5 4. cxd5 Nxd5 5. Qb3 Nb6 6. d4 Bg7 7. Bf4 Be6 8.
Qa3 Nc6 9. e3 O-O 10. Be2 Nd5 11. Nxd5 Bxd5 12. O-O Re8 13. Rfd1 e6 14. Rac1
Qe7 15. Qa4 Rad8 16. a3 a6 17. b4 e5 18. dxe5 Nxe5 19. Bg5 f6 20. Nxe5 fxg5 21.
Bf3 c6 22. Bxd5+ Rxd5 23. Rxd5 cxd5 24. Nd3 Rd8 25. Qa5 Bf6 26. Qb6 Rd6 27.
Rc8+ Kg7 28. Qc5 Rd7 29. a4 Kh6 30. h3 Qe4 31. Ne1 d4 32. Nf3 dxe3 33. Qxe3
Qxb4 34. h4 Rd1+ 35. Kh2 Qf4+ 36. Qxf4 gxf4 37. Rc7 Rb1 38. Rf7 Bd8 39. Kh3 g5
40. Rd7 Bf6 41. hxg5+ Bxg5 42. Kg4 Bf6 43. Kf5 Bg7 44. Nh2 1-0

[Event "Ct. Catalunya eq DH"]
[Site "?"]
[Date "2013.04.06"]
[Round "10.1"]
[White "Cuartas Medina, JA."]
[Black "Lacasa Diaz, JA."]
[Result "0-1"]
[WhiteElo "2555"]
[BlackElo "2451"]
[PlyCount "96"]
[EventDate "2013.??.??"]
[EventType "tourn"]
[EventRounds "11"]

1. e4 c5 2. Nf3 e6 3. c3 d5 4. e5 d4 5. Bb5+ Bd7 6. Qe2 Ne7 7. O-O Bc6 8. Bxc6+
Nbxc6 9. c4 d3 10. Qe4 Nf5 11. Nc3 Be7 12. b3 Nfd4 13. Qxd3 Nxf3+ 14. Qxf3 Nxe5
15. Qxb7 O-O 16. Qe4 Nd3 17. Ba3 Bf6 18. Rad1 Qd4 19. Qf3 Rfd8 20. g3 Rab8 21.
Qe2 h6 22. Kg2 Qd7 23. f4 Rb6 24. Na4 Rd6 25. Rf3 Qc6 26. Kh3 e5 27. Nc3 Qa6
28. Nb5 R6d7 29. f5 Qa5 30. Bxc5 Nxc5 31. Nc3 e4 32. Nxe4 Nxe4 33. Qxe4 Rxd2
34. Rxd2 Qxd2 35. a4 a5 36. Re3 Qd1 37. Qf3 Qxf3 38. Rxf3 Rd2 39. Re3 Kf8 40.
Rf3 Bd4 41. Rf1 Rd3 42. Rb1 Bc5 43. f6 gxf6 44. Kg4 Kg7 45. Kf5 Re3 46. Kf4 Kg6
47. Rb2 f5 48. h3 Rd3 0-1

[Event "Ct. Catalunya eq DH"]
[Site "?"]
[Date "2013.04.06"]
[Round "10.1"]
[White "Narciso Dublan, M."]
[Black "Alonso Garcia, R."]
[Result "1-0"]
[WhiteElo "2569"]
[BlackElo "2447"]
[PlyCount "51"]
[EventDate "2013.??.??"]
[EventType "tourn"]
[EventRounds "11"]

1. d4 Nf6 2. c4 c5 3. d5 b5 4. cxb5 a6 5. bxa6 g6 6. Nc3 Bxa6 7. e4 Bxf1 8.
Kxf1 d6 9. g3 Bg7 10. Kg2 O-O 11. Nge2 Qa5 12. Rb1 Nbd7 13. Qc2 Rfc8 14. b3
Rab8 15. a3 Ne8 16. Nd1 Qa6 17. Ne3 Ne5 18. Bb2 c4 19. b4 c3 20. Nxc3 Nd3 21.
b5 Qa5 22. Qxd3 Bxc3 23. Nc4 Rxc4 24. Qxc4 Bxb2 25. Rxb2 Qxa3 26. Ra2 1-0

[Event "Ct. Catalunya eq DH"]
[Site "?"]
[Date "2013.04.06"]
[Round "10.1"]
[White "Peralta, F."]
[Black "Alsina Leal, D."]
[Result "1/2-1/2"]
[WhiteElo "2611"]
[BlackElo "2522"]
[PlyCount "91"]
[EventDate "2013.??.??"]
[EventType "tourn"]
[EventRounds "11"]

1. d4 Nf6 2. c4 g6 3. Nc3 d5 4. cxd5 Nxd5 5. e4 Nxc3 6. bxc3 Bg7 7. Bc4 c5 8.
Ne2 O-O 9. O-O Nc6 10. Be3 Qc7 11. Rc1 b6 12. Bf4 e5 13. dxe5 Bxe5 14. Bxe5
Nxe5 15. Bd5 Bb7 16. c4 Rad8 17. f4 Nc6 18. Qd2 a6 19. Rc3 Ne7 20. f5 Nxd5 21.
cxd5 Qe5 22. f6 Rd6 23. Rf5 Qxe4 24. Qh6 Rxf6 25. Rxf6 Qxe2 26. Rh3 Qd1+ 27.
Rf1 Qd4+ 28. Kh1 Qg7 29. Qxg7+ Kxg7 30. d6 Bd5 31. Ra3 Rd8 32. Rd1 Bc4 33. Ra4
Bb5 34. Re4 Bd7 35. Re7 b5 36. Kg1 b4 37. Re5 c4 38. Rc5 Bb5 39. Rc7 c3 40. Kf2
Kf6 41. Rd4 Ke5 42. Rxb4 Rxd6 43. Rxc3 Rd2+ 44. Kg3 Rxa2 45. Rc5+ Kd6 46. Rc3
1/2-1/2

[Event "Ct. Catalunya eq DH"]
[Site "?"]
[Date "2013.04.06"]
[Round "10.2"]
[White "Fernandez Aguado, E."]
[Black "Perez Mitjans, O."]
[Result "0-1"]
[WhiteElo "2553"]
[BlackElo "2419"]
[PlyCount "104"]
[EventDate "2013.??.??"]
[EventType "tourn"]
[EventRounds "11"]

1. d4 Nf6 2. c4 g6 3. Nc3 Bg7 4. e4 d6 5. f3 O-O 6. Bg5 h6 7. Be3 c5 8. Nge2
Nc6 9. Qd2 Qa5 10. d5 Ne5 11. Nc1 h5 12. Be2 a6 13. O-O Bd7 14. Rb1 b5 15. b3
Nh7 16. Nd1 Qxd2 17. Bxd2 f5 18. f4 Ng4 19. h3 Bd4+ 20. Kh1 Ngf6 21. exf5 Bxf5
22. Bd3 Ne4 23. Be1 Nhf6 24. Rf3 Rfb8 25. Ne3 bxc4 26. Nxc4 Kg7 27. Ne2 Rh8 28.
Bh4 Nxd5 29. Nxd4 cxd4 30. Re1 Ndc3 31. Bxe4 Nxe4 32. Bxe7 Rae8 33. Bh4 d5 34.
Ne5 Rhf8 35. Rd1 g5 36. Bg3 g4 37. hxg4 hxg4 38. Rfd3 Rh8+ 39. Kg1 Rh5 40. Bf2
Reh8 41. Kf1 Rh1+ 42. Bg1 g3 43. Nf3 Nf2 44. Rxd4 Nxd1 45. Rxd1 Bg4 46. Ke2
Re8+ 47. Kd3 Kg6 48. f5+ Bxf5+ 49. Kd4 Bg4 50. Rc1 Bxf3 51. gxf3 Kf5 52. b4 Re2
0-1

[Event "Ct. Catalunya eq DH"]
[Site "?"]
[Date "2013.04.06"]
[Round "10.2"]
[White "Fluvia Poyatos, Jordi"]
[Black "Muñoz Pantoja, M."]
[Result "1/2-1/2"]
[WhiteElo "2500"]
[BlackElo "2517"]
[PlyCount "121"]
[EventDate "2013.??.??"]
[EventType "tourn"]
[EventRounds "11"]

1. e4 c5 2. Nf3 Nc6 3. d4 cxd4 4. Nxd4 e5 5. Nb5 d6 6. N1c3 a6 7. Na3 Be7 8.
Nc4 b5 9. Ne3 Nf6 10. Bd3 Nb4 11. Be2 Be6 12. Ncd5 Nbxd5 13. exd5 Bd7 14. O-O
O-O 15. f4 Ne4 16. Bf3 exf4 17. Bxe4 fxe3 18. Bxe3 Bf6 19. Bd4 Bxd4+ 20. Qxd4
Rc8 21. Bd3 Qg5 22. Qa7 Rcd8 23. Rad1 Bg4 24. Rde1 Qxd5 25. Qxa6 Qd4+ 26. Kh1
Qxb2 27. Rb1 Qc3 28. Qxb5 Be6 29. a4 Ra8 30. Rb4 g6 31. a5 Rfc8 32. a6 Rxa6 33.
Rb3 Bxb3 34. Qxa6 Bxc2 35. Bxc2 Qxc2 36. Qxd6 Qc4 37. Rd1 Re8 38. h3 h5 39. Kh2
Qe2 40. Qd4 h4 41. Rd2 Qe1 42. Rf2 Qe7 43. Qf6 Qxf6 44. Rxf6 Kg7 45. Rf4 g5 46.
Rb4 Re1 47. Ra4 Kg6 48. Ra5 Rf1 49. Rb5 f6 50. Ra5 Re1 51. Rb5 Rc1 52. Ra5 f5
53. Ra6+ Kh5 54. Ra5 Rf1 55. Ra8 Rf2 56. Kg1 Rb2 57. Ra5 Rb1+ 58. Kf2 f4 59.
Ra6 Rb3 60. Rc6 Rg3 61. Rf6 1/2-1/2

[Event "Ct. Catalunya eq DH"]
[Site "?"]
[Date "2013.04.06"]
[Round "10.2"]
[White "Lillo Castany, V."]
[Black "Rizouk, A."]
[Result "0-1"]
[WhiteElo "2359"]
[BlackElo "2520"]
[PlyCount "42"]
[EventDate "2013.??.??"]
[EventType "tourn"]
[EventRounds "11"]

1. e4 e5 2. Nf3 Nc6 3. d4 exd4 4. Nxd4 Bc5 5. Be3 Qf6 6. c3 Nge7 7. Bc4 b6 8.
O-O Bb7 9. f4 O-O-O 10. e5 Qh6 11. Qe2 Bxd4 12. Bxd4 Nf5 13. Qf2 d6 14. Na3
dxe5 15. Bxe5 Nxe5 16. fxe5 Ne3 17. Rfc1 Nxg2 18. Qxf7 Nf4 19. Qf5+ Kb8 20. Bf1
Rhf8 21. Qg4 Qc6 0-1

[Event "Ct. Catalunya eq DH"]
[Site "?"]
[Date "2013.04.06"]
[Round "10.2"]
[White "Lorenzo de la Riva, L."]
[Black "Norwood, D."]
[Result "1-0"]
[WhiteElo "2513"]
[BlackElo "2511"]
[PlyCount "101"]
[EventDate "2013.??.??"]
[EventType "tourn"]
[EventRounds "11"]

1. d4 g6 2. c4 Bg7 3. Nc3 c5 4. d5 f5 5. e4 Bxc3+ 6. bxc3 fxe4 7. f3 e5 8. Qc2
e3 9. Bxe3 d6 10. Bd3 Qh4+ 11. g3 Qf6 12. Ne2 $6 Qxf3 13. Kd2 Bh3 14. Rhe1 Ne7
(14... Nd7 $15) 15. Nf4 exf4 16. Bxf4 Kd8 $2 (16... Kf7 $11) (16... O-O $11 17.
Rxe7 Rxf4) 17. Bg5 $14 (17. Qb3 b6 18. Bg5 Re8 19. Rxe7 Rxe7 20. Re1 $16) 17...
Re8 18. Rxe7 Rxe7 19. Re1 Nd7 20. Rxe7 Kc7 $16 (20... Qh5 $14) 21. Be2 Qg2 22.
Qe4 Qxe4 23. Rxe4 $14 h5 24. Re7 Bf5 25. Bf4 Rf8 26. Bd3 Bxd3 27. Kxd3 Rf6 28.
h4 a6 29. a4 a5 30. Kc2 Kd8 31. Rg7 Kc8 32. Rg8+ Kc7 33. Re8 Nb6 $2 (33... Rf7
34. Re6 Ne5 $16) 34. Kb3 $18 Kd7 $2 35. Rg8 Kc7 36. Bg5 Rf1 37. Bd8+ Kd7 38.
Bxb6 Rb1+ 39. Kc2 Rxb6 40. Rg7+ Ke8 41. Rxg6 Kf7 42. Rh6 Ra6 43. Rxh5 Ra8 44.
Rh7+ Kf6 45. g4 Re8 46. Rh6+ Kf7 47. Rxd6 Re4 48. Rd7+ Kf8 49. Kb3 Rxg4 50.
Rxb7 Rxh4 51. Rc7 1-0

[Event "Ct. Catalunya eq DH"]
[Site "?"]
[Date "2013.04.06"]
[Round "10.2"]
[White "Moskalenko, V."]
[Black "Dominguez Pons, E."]
[Result "1-0"]
[WhiteElo "2568"]
[BlackElo "2371"]
[PlyCount "194"]
[EventDate "2013.??.??"]
[EventType "tourn"]
[EventRounds "11"]

1. d4 d5 2. c4 c6 3. Nf3 Nf6 4. Nc3 e6 5. cxd5 exd5 6. Qc2 g6 7. Bg5 Bg7 8. e3
Bf5 9. Bd3 Bxd3 10. Qxd3 O-O 11. b4 h6 12. Bxf6 Bxf6 13. O-O Nd7 14. b5 Nb6 15.
bxc6 bxc6 16. Rac1 Rc8 17. Nb1 Qd6 18. Nbd2 Rfd8 19. Nb3 Qa3 20. Rc2 Nc4 21.
Nfd2 Nxd2 22. Qxd2 Be7 23. Rfc1 Bb4 24. Qe2 Qa4 25. Nc5 Qb5 26. Qd1 Bxc5 27.
Rxc5 Qa6 28. Qc2 Rd6 29. g3 Kg7 30. Kg2 h5 31. h3 Rf6 32. a4 Rd6 33. a5 Rf6 34.
Rb1 Re8 35. Rb3 Kh7 36. Rbc3 Ree6 37. Qd3 Qb7 38. Rb3 Qd7 39. a6 Re7 40. Rb7
Qe8 41. Rc2 Rfe6 42. Rcb2 Kg7 43. Qc2 Qc8 44. Qc5 Rxb7 45. Rxb7 Rf6 46. Qc2 c5
47. dxc5 Rxa6 48. Qc3+ Rf6 49. Rxa7 Qf5 50. Ra2 Kh7 51. Rd2 Qe4+ 52. Kh2 Rc6
53. Qd4 Qe7 54. Rc2 Qe4 55. Rb2 Qf5 56. g4 hxg4 57. hxg4 Qf3 58. g5 Qh5+ 59.
Kg2 Qxg5+ 60. Kf1 Qd8 61. f3 Kg8 62. Rh2 Qf6 63. Qxf6 Rxf6 64. Rc2 Rc6 65. Ke2
Kf8 66. Kd3 Ke7 67. Kd4 Rf6 68. f4 Rf5 69. Ra2 Kd7 70. Ra6 g5 71. Rd6+ Kc7 72.
fxg5 Rxg5 73. Rf6 Kd7 74. Rd6+ Kc7 75. Rxd5 Rg1 76. Rf5 Rd1+ 77. Ke5 Rd7 78.
Rf6 Re7+ 79. Kd4 Rd7+ 80. Ke5 Re7+ 81. Kf4 Kd8 82. e4 Rc7 83. c6 Ke7 84. e5 Ra7
85. Rd6 Ra1 86. Ke4 Ra2 87. Rd7+ Ke6 88. Rd6+ Ke7 89. Rd4 Ra6 90. Rd7+ Ke6 91.
Rd6+ Ke7 92. Kf5 Ra7 93. Rd5 Rc7 94. Rc5 Kf8 95. Kf6 Ke8 96. Rc1 Kf8 97. e6 Ke8
1-0

[Event "Ct. Catalunya eq DH"]
[Site "?"]
[Date "2013.04.06"]
[Round "10.2"]
[White "Torrecillas Martinez, A."]
[Black "Magem Badals, J."]
[Result "0-1"]
[WhiteElo "2431"]
[BlackElo "2571"]
[PlyCount "48"]
[EventDate "2013.??.??"]
[EventType "tourn"]
[EventRounds "11"]

1. e4 c6 2. d4 d5 3. exd5 cxd5 4. c4 Nf6 5. Nc3 Nc6 6. Nf3 g6 7. cxd5 Nxd5 8.
Qb3 e6 9. Bb5 Bg7 10. O-O O-O 11. Bg5 Nxd4 12. Nxd4 Qxg5 13. Nf3 Qf5 14. Rfd1
Nxc3 15. bxc3 Qc5 16. Rac1 b6 17. Qb4 Qc7 18. Ng5 a6 19. Ba4 b5 20. Bb3 Bb7 21.
c4 Qf4 22. Qe7 Bxg2 23. cxb5 Bf6 24. Qc5 Qg4 0-1

[Event "Ct. Catalunya eq DH"]
[Site "?"]
[Date "2013.04.06"]
[Round "10.3"]
[White "Alonso Moyano, J."]
[Black "Pijuan Herranz, M."]
[Result "1-0"]
[WhiteElo "2480"]
[BlackElo "2327"]
[PlyCount "115"]
[EventDate "2013.??.??"]
[EventType "tourn"]
[EventRounds "11"]

1. e4 e5 2. Nf3 Nc6 3. d4 exd4 4. Nxd4 Bb4+ 5. c3 Bc5 6. Be3 Bb6 7. Qg4 Qf6 8.
Qg3 Qg6 9. Nd2 Nf6 10. f4 d5 11. e5 Qxg3+ 12. hxg3 Ng4 13. Bg1 Nxd4 14. cxd4
Bf5 15. O-O-O h5 16. Nb3 g6 17. Bd3 Nh6 18. Kd2 O-O-O 19. Bf2 c6 20. Bxf5+ Nxf5
21. Ke2 g5 22. fxg5 Rdg8 23. Kf3 Rxg5 24. Nc1 f6 25. exf6 Rf8 26. Ne2 Rxf6 27.
Nf4 Bc7 28. Rh3 Nd6 29. Rdh1 Ne4 30. Be1 Rgf5 31. Rxh5 Ng5+ 32. Kg4 Bxf4 33.
Rf1 Nf7 34. gxf4 Nd6 35. Rxf5 Nxf5 36. Kg5 Rf7 37. Kg6 Nd6 38. Bb4 Rd7 39. Bxd6
Rxd6+ 40. Kh5 Rd8 41. g4 Rh8+ 42. Kg5 Rg8+ 43. Kh4 Rh8+ 44. Kg3 Kd7 45. Re1 b6
46. f5 c5 47. g5 Rh5 48. Kg4 Rh2 49. f6 Rf2 50. Re5 cxd4 51. Rxd5+ Ke6 52. Rxd4
Rg2+ 53. Kh5 Kf5 54. Rd5+ Ke6 55. Rd1 Kf7 56. Rd7+ Ke6 57. f7 Rf2 58. Rxa7 1-0

[Event "Ct. Catalunya eq DH"]
[Site "?"]
[Date "2013.04.06"]
[Round "10.3"]
[White "Pham Guerrero, S."]
[Black "Panelo Muñoz, MA."]
[Result "0-1"]
[WhiteElo "2295"]
[BlackElo "2468"]
[PlyCount "68"]
[EventDate "2013.??.??"]
[EventType "tourn"]
[EventRounds "11"]

1. e4 c5 2. Nf3 d6 3. d4 cxd4 4. Nxd4 Nf6 5. Nc3 a6 6. Be3 e5 7. Nb3 Be6 8. f3
Be7 9. Qd2 O-O 10. O-O-O a5 11. Bb5 Na6 12. Qf2 Nc7 13. a4 $6 Qc8 $15 14. Kb1
Nxb5 15. Nxb5 Qc4 16. Nxd6 Qxa4 17. Nf5 $6 Bxf5 18. exf5 (18. Bc5) 18... Rfc8
$17 19. g4 $2 Qb5 $19 20. g5 Nd5 21. Rxd5 Qxd5 22. Nd2 a4 23. Ne4 a3 24. b3 a2+
25. Ka1 Bb4 26. Bc1 Qd4+ 27. Qxd4 exd4 28. Bb2 Rxc2 29. Bxd4 Ra3 30. f6 g6 31.
Rd1 Rxb3 32. Be5 Rxf3 33. Ng3 Re3 34. Bb2 Re1 0-1

[Event "Ct. Catalunya eq DH"]
[Site "?"]
[Date "2013.04.06"]
[Round "10.3"]
[White "Travesset Ribera, J."]
[Black "Cruz Sanchez, C."]
[Result "0-1"]
[WhiteElo "2324"]
[BlackElo "2547"]
[PlyCount "90"]
[EventDate "2013.??.??"]
[EventType "tourn"]
[EventRounds "11"]

1. d4 e6 2. Nf3 c5 3. g3 d5 4. Bg2 Nf6 5. O-O cxd4 6. Nxd4 e5 7. Nf3 Nc6 8. c4
d4 9. Bg5 Be7 10. e3 O-O 11. exd4 exd4 12. Nbd2 h6 13. Bxf6 Bxf6 14. Ne4 Be7
15. Ne1 Ne5 16. b3 Bg4 17. f3 Bf5 18. Nd3 Nc6 19. f4 Qd7 20. Bf3 Bh7 21. Nef2
Rfe8 22. Qd2 a5 23. Bg4 Qc7 24. a3 Bf8 25. Rfe1 Qb6 26. Rxe8 Rxe8 27. Bd1 Nb8
28. Bc2 Na6 29. Re1 Re3 30. Ng4 Rxe1+ 31. Qxe1 Nc5 32. Ngf2 Nxb3 33. Qb1 a4 34.
c5 Bxc5 35. Nxc5 Bxc2 36. Qxc2 Qxc5 37. Qe4 Qc1+ 38. Kg2 Qc6 39. Qxc6 bxc6 40.
Kf3 Nc5 41. Ke2 f5 42. h3 Kf7 43. g4 g6 44. gxf5 gxf5 45. Nh1 Ne4 0-1

[Event "Ct. Catalunya eq DH"]
[Site "?"]
[Date "2013.04.06"]
[Round "10.4"]
[White "Escobar Torres, A."]
[Black "Vehi Bach, VM."]
[Result "0-1"]
[WhiteElo "2230"]
[BlackElo "2370"]
[PlyCount "90"]
[EventDate "2013.??.??"]
[EventType "tourn"]
[EventRounds "11"]

1. d4 Nf6 2. Nf3 e6 3. Bf4 c5 4. e3 Qb6 5. Qc1 Nc6 6. c3 Nh5 7. Bg5 h6 8. Bh4
g5 9. Bg3 Nxg3 10. hxg3 Bg7 11. Nbd2 d5 12. Bd3 Bd7 13. dxc5 Qxc5 14. Nb3 Qe7
15. Nbd4 f5 16. Qc2 Rc8 17. Nxc6 bxc6 18. Nh2 O-O 19. g4 c5 20. gxf5 exf5 21.
O-O Rb8 22. b3 Kh8 23. Rfe1 c4 24. bxc4 dxc4 25. Bf1 Qa3 26. Rac1 Rb2 27. Qd1
Be6 28. Nf3 Rxa2 29. Nd4 Bg8 30. Qh5 Qa5 31. Qg6 Rb2 32. Ra1 Qb6 33. Qxb6 axb6
34. Reb1 Rxb1 35. Rxb1 Bxd4 36. exd4 Rb8 37. Rb5 f4 38. d5 Kg7 39. Bxc4 Rc8 40.
Ba2 Rxc3 41. Rxb6 Rc1+ 42. Kh2 Rc2 43. Rg6+ Kf8 44. Bb1 Rb2 45. Be4 Bh7 0-1

[Event "Ct. Catalunya eq DH"]
[Site "?"]
[Date "2013.04.06"]
[Round "10.4"]
[White "Gual Pascual, A."]
[Black "Pueyo Burrell, D."]
[Result "1-0"]
[WhiteElo "2542"]
[BlackElo "2306"]
[PlyCount "91"]
[EventDate "2013.??.??"]
[EventType "tourn"]
[EventRounds "11"]

1. d4 Nf6 2. c4 g6 3. Nc3 Bg7 4. e4 d6 5. f3 O-O 6. Be3 Nc6 7. Nge2 a6 8. Qd2
Rb8 9. Rc1 Bd7 10. Nd1 e5 11. d5 Ne7 12. g3 c5 13. b4 b6 14. Bg2 Qc8 15. Nf2 h5
16. O-O Kh7 17. Rb1 Qc7 18. Nd3 Neg8 19. Qc3 Rfc8 20. bxc5 bxc5 21. Qa3 a5 22.
Nc3 Bh6 23. Bf2 Rb4 24. Nb5 Bxb5 25. cxb5 Rxb1 26. Rxb1 c4 27. b6 Qb8 28. Ne1
Bd2 29. Bh3 Rd8 30. Nc2 g5 31. Bf5+ Kg7 32. Rd1 c3 33. Qxa5 Ne7 34. Rxd2 cxd2
35. Qxd2 g4 36. Nb4 Qb7 37. Nc6 Ra8 38. Nxe7 Qxe7 39. Qg5+ Kf8 40. fxg4 hxg4
41. b7 Qxb7 42. Qxf6 Qb1+ 43. Kg2 Qd1 44. Qh8+ Ke7 45. Qh4+ Kf8 46. Bxg4 1-0

[Event "Ct. Catalunya eq DH"]
[Site "?"]
[Date "2013.04.06"]
[Round "10.4"]
[White "Jose Abril, R."]
[Black "Jose Queralto, D."]
[Result "1/2-1/2"]
[WhiteElo "2397"]
[BlackElo "2287"]
[PlyCount "76"]
[EventDate "2013.??.??"]
[EventType "tourn"]
[EventRounds "11"]

1. d4 d5 2. Nf3 Nf6 3. c4 dxc4 4. e3 e6 5. Bxc4 c5 6. O-O Nc6 7. Nc3 cxd4 8.
exd4 Be7 9. Re1 O-O 10. a3 a6 11. Bb3 b5 12. Qd3 Bb7 13. Bc2 Rc8 $6 (13... g6)
14. d5 exd5 $6 (14... Na5 15. Bg5 $14 (15. dxe6 Qxd3 16. exf7+ Rxf7 17. Bxd3
Bxf3 18. gxf3 Nb3 19. Rb1 Bxa3 $14)) 15. Bg5 $16 Ne4 16. Nxe4 dxe4 17. Qxe4 f5
$4 (17... g6 18. Bh6 (18. Bxe7 $6 Qxe7 19. Qxe7 Nxe7 20. Rxe7 Bxf3 $11) 18...
Bf6 (18... Re8 $4 19. Rad1 Qc7 20. Bb3 $18) 19. Bxf8 Qxf8 $16) 18. Qe6+ $18 Kh8
19. Rad1 Qe8 20. Bxf5 Bxg5 21. Qxe8 $6 (21. Nxg5 $18) 21... Rcxe8 $16 22. Nxg5
Rxe1+ 23. Rxe1 h6 24. Nf7+ Kg8 25. Nd6 Nd4 26. Bg6 Bc6 27. Ne4 b4 $6 (27... Ne6
28. g3 Nd4 29. Nd2 Rf6 30. Bb1 g5 $14) 28. axb4 Rb8 29. h4 (29. Nc3 Rxb4 30.
Nd5 Rb8 31. Ne7+ Kf8 32. Nxc6 Nxc6 $16) 29... Rxb4 30. Rd1 $2 (30. Nc5 Rxb2 31.
Rd1 Rb4 32. Nxa6 Rc4 33. Nc7 $14) 30... Bxe4 $11 31. Bxe4 Ne2+ 32. Kf1 Rxe4 33.
Re1 Rxh4 34. Kxe2 Rb4 35. Rb1 g5 36. Kd3 g4 37. Ke3 a5 38. Rh1 Kg7 1/2-1/2

[Event "Ct. Catalunya eq DH"]
[Site "?"]
[Date "2013.04.06"]
[Round "10.4"]
[White "Ryan, J."]
[Black "Rojas Keim, LA."]
[Result "0-1"]
[WhiteElo "2363"]
[BlackElo "2456"]
[PlyCount "58"]
[EventDate "2013.??.??"]
[EventType "tourn"]
[EventRounds "11"]

1. d4 Nf6 2. c4 e6 3. Nf3 c5 4. d5 b5 5. Bg5 b4 6. Nbd2 Be7 7. dxe6 fxe6 8. e4
Nc6 9. e5 Ng4 10. Bf4 O-O 11. Bg3 Qc7 12. Bd3 Ngxe5 13. Nxe5 Nxe5 14. Be4 d5
15. cxd5 Bf6 16. Nc4 Ba6 17. Bxe5 Bxe5 18. Qh5 Rf5 19. Bxf5 exf5 20. d6 Bxd6
21. b3 Be5 22. O-O-O Bxc4 23. bxc4 b3 24. axb3 Qa5 25. Qf3 Re8 26. Qd5+ Kf8 27.
Qd3 Qa3+ 28. Kd2 Qb2+ 29. Ke3 Bg3+ 0-1